United Nations Conference on the Least Developed Countries : country presentation by the Goverment f the Republic of Haiti..
| Format: | Book |
|---|---|
| Published: |
New York:
United Nations,
1990.
|
| Subjects: |
| LEADER | 00515cam a2200157 7i4500 | ||
|---|---|---|---|
| 001 | 0000003718 | ||
| 005 | 19991025090000.0 | ||
| 002 | ##000005108 | ||
| 020 | 0 | 0 | |a T000004543 |
| 090 | 0 | 0 | |a HAIT 330.9 |b UNI |
| 245 | 0 | 0 | |a United Nations Conference on the Least Developed Countries : |b country presentation by the Goverment f the Republic of Haiti.. |
| 260 | 0 | 0 | |a New York: |b United Nations, |c 1990. |
| 300 | 0 | 0 | |a 28 p.. |
| 650 | 0 | 0 | |a Economic conditions |
| 651 | 0 | 0 | |a Haiti |
| 999 | |a 0000005780 |b Book |c Open shelf |e Business Information Centre | ||